New Orleans : 50 photographs /

Saved in:
Bibliografiske detaljer
Hovedforfatter: Dureau, Georges (Author)
Andre forfattere: Lucie-Smith, Edward
Format: Bog
Sprog:engelsk
Udgivet: London : GMP, 1985
Tags: Tilføj Tag
Ingen Tags, Vær først til at tagge denne postø!

MARC

LEADER 00000nam a22000007i 4500
001 IT\ICCU\UBO\3429582
003 ItRI
005 20260115231826.0
008 080528s1985 xxk|||||| ||||| |||||c
020 |a 0907040470 
040 |b ita  |c importazione bologna sebina 
041 7 |a eng  |2 ISO-639-2 
100 1 |a Dureau, Georges  |0 IT\ICCU\MILV\054704  |4 aut 
245 1 0 |a New Orleans :  |b 50 photographs /  |c George Dureau ; introduced by Edward Lucie-Smith. 
260 |a London :  |b GMP,  |c 1985 
300 |a 109 p. :  |b ill. ;  |c 20x20 cm. 
700 1 |a Lucie-Smith, Edward  |0 IT\ICCU\CFIV\019981 
942 |2 ddc  |c BK  |n 0 
952 |0 0  |1 0  |4 0  |6 DOC_779_997000000000000_DUR  |7 0  |9 13624  |a BO  |b BO  |d 2026-01-15  |i 3090  |l 0  |o DOC 779.997 DUR  |p BO3090  |r 2026-01-15 23:18:26  |w 2026-01-15  |x [Sebina 7] [1 v.]  |y BK  |z 1 v. 
999 |c 11718  |d 11718